Epworth Heights Cottages - Statistics

General Stats
  • This quiz has been taken 31 times
  • The average score is 133 of 227
Answer Stats
Answer % Correct
About Time
80%
Ahoy
80%
Air Castle
80%
Anchorage
80%
At Last
80%
Avalon
80%
Back Bay
80%
Belle Aire
80%
Big Blue
80%
Blarney Castle
80%
Blue Heaven
80%
Carry On
80%
Chris
80%
Cockrill
80%
Dune Lodge
80%
Happy Hollow
80%
Summer Hill
80%
The Aquarium
80%
Beachview
60%
Beechwood
60%
Beside Lake Beautiful
60%
Birch Cliff
60%
Bittersweet
60%
Blueberry Hill
60%
Blue Moon
60%
Boardwalk
60%
Bonnie Brier
60%
Bonnie Brink
60%
Brigadune
60%
Bright Side
60%
Brightwood
60%
Buckeye
60%
Buckingham
60%
Buena Vista
60%
Bus Stop
60%
Bywatyr
60%
Cablein
60%
Camelot
60%
Castle Harbour
60%
Cedar Crest
60%
Charlotte's Web
60%
Cheerio
60%
Cherry Cliff
60%
Church Hill
60%
Clearview
60%
Coast Along
60%
Crow's Nest
60%
Dew Drop Inn
60%
Dixieland
60%
Dream Catcher
60%
Driftwood
60%
Dune Crest
60%
Dune Haven
60%
Eagle's Nest
60%
Ebbtide
60%
Edgehill
60%
Edgemere
60%
Either Oar
60%
Ensley Lane
60%
Fairways
60%
Fernwood
60%
Fiddlesticks
60%
Fieldcrest
60%
First Light
60%
Fleets End
60%
Forthup
60%
Funsville
60%
Glenside
60%
Green Gables
60%
Greenwood
60%
Happiness Is
60%
Happy Harbour
60%
Happy Ours
60%
Harmony Hill
60%
Heart's Delight
60%
Heartsworth
60%
High Enough
60%
Hillcrest
60%
Hope Haven
60%
Idyl Ease
60%
Isle of View
60%
Itsa Daisy
60%
Kanaga
60%
Kenowis
60%
Lagoon a Beach
60%
Lakeside
60%
Lincoln Lodge
60%
Loblolly
60%
Lot J
60%
Lots of Bucks
60%
Marvel
60%
Maryland
60%
Merriment
60%
Michago
60%
Morelaggan
60%
Mt. Carmel
60%
Nancy Y
60%
New Jutland
60%
Nokomis
60%
Northern Lights
60%
North Point
60%
Oak Haven
60%
O-So-Ezy
60%
Out of Bounds
60%
Park Place
60%
Penford
60%
Pine Bluff
60%
Pine Boughs
60%
Pine Cliff
60%
Pinecrest
60%
Playtime
60%
Pleasant Home
60%
Pooh Corners
60%
Prairie Lodge
60%
Quiet Hour
60%
Red Top
60%
Rendezvous
60%
River Run
60%
Riverside
60%
Robin Hill
60%
Rogers
60%
Rowe Inn
60%
Rowe Manse
60%
Safe Harbour
60%
Sail In
60%
Sails Call
60%
Sanda-Lon
60%
Sandbox
60%
Sandcastle
60%
Sandpiper
60%
Sand Trap
60%
Sandy Banks
60%
Sandymount
60%
Sandy Paws
60%
School's Out
60%
Sea-Moor-Buoys
60%
Shadows
60%
Shadyside
60%
Shalom
60%
Shanty
60%
Shorecliffe
60%
Shorehome
60%
Silver Birch
60%
Silver Shores
60%
Sleepy Hollow
60%
Snail's Pace
60%
Somervilla
60%
S.O.S.
60%
South Wind
60%
Stratford
60%
Sugar 'N Spice
60%
Summer Haven
60%
Summer Love
60%
Summertime
60%
Summer White House
60%
Sunnydale
60%
Sunnyside
60%
Sunny Slope
60%
Sunset View
60%
Sweet T
60%
Tales of Hoffman
60%
Tanglewood
60%
Tapassen
60%
Tapassen II
60%
Taproot
60%
The Beachouse
60%
The Great Escape
60%
The Huntington
60%
The Last Resort
60%
The Lighthouse
60%
The Lookout
60%
The Open Door
60%
The Palapa
60%
The Phoenix
60%
The Pines
60%
The Tee House
60%
Tokumto
60%
Topside
60%
Tree Top Villa
60%
Tuck Me Inn
60%
Twilight
60%
Twin Oaks
60%
Twixwatyr
60%
Up & At 'Em
60%
Wah Win Ga
60%
Waldo
60%
Wanta Linga
60%
Wee Three
60%
Westward Ho
60%
Westwind
60%
Whitecaps
60%
Wild Rose
60%
Windermere
60%
Windy Corners
60%
Wit's End
60%
Woodland
60%
Woodlea
60%
Breezeway
40%
Breezy Point
40%
Cedar Croft
40%
Comfort Kit
40%
Court House
40%
Fairview Lodge
40%
Happy Days
40%
Hattie Lee
40%
Hiawatha
40%
Inn No Hurry
40%
Inn the Loop
40%
La Bergere
40%
Lake Forest
40%
On the Rocks
40%
Pinewood
40%
Rosecliff
40%
Sancliff
40%
Sundance
40%
Sunrise Park
40%
Surfside South
40%
The Goff Club
40%
Time Out
40%
Topsy Turvy
40%
Westover
40%
Holiday House
20%
Journey's End
20%
Pinnacle
20%
Shore Lodge
20%
Summerin
20%
Sun Mountain
20%
No matching quizzes found
Score Distribution
Percent of People with Each Score
Percentile by Number Answered
Your Score History
You have not taken this quiz